| 000 | 00700nam a2200229 u 4500 | ||
|---|---|---|---|
| 005 | 20220916063614.0 | ||
| 008 | 141103s2010 ag r 000 0 spa d | ||
| 020 | _a9789872578015 | ||
| 035 | _aUPN01000200596 | ||
| 049 | _aI | ||
| 050 | 4 |
_aPZ73 _bE2.2 |
|
| 100 | 1 |
_aEcheverría, Iñaki, _d1974- _935804 |
|
| 245 | 1 | 3 |
_aEl andarín de la noche / _cadaptado por Iñaki Echeverría. |
| 260 |
_aBuenos Aires : _bManoescrita, _c2010. |
||
| 300 |
_a[24] p. : _bprincipalmente il. col. |
||
| 440 | 0 | _aMini clásicos para ver | |
| 650 | 7 |
_aLibros ilustrados para niños _2 _921365 |
|
| 650 | 2 |
_aTeatro _912795 |
|
| 700 | 1 |
_aShakespeare, William, _d1564-1616 |
|
| 905 | _aInfantil | ||
| 999 |
_c172697 _d172697 |
||